| 000 | 00702nam a2200217Ia 4500 | ||
|---|---|---|---|
| 008 | 130821s1982 enk gr eng | ||
| 020 | _a0416379400 | ||
| 040 |
_aCo-BoUCM _bspa |
||
| 041 | 0 | 0 | _aeng |
| 100 | 1 |
_aWatson, Adam _d1914-2007 _9158496 |
|
| 245 | 0 | 0 |
_aDiplomacy The dialogue between states _cAdam Watson. |
| 260 |
_aLondres (Inglaterra) _bMethuen _c1982 |
||
| 300 | _a239 páginas | ||
| 490 | _aUniversity Paperback, No 864 | ||
| 500 | _aIncluye bibliografía e índice | ||
| 650 | 0 | 4 |
_aDiplomacia _913310 |
| 650 | 0 | 4 |
_aPoder (Ciencias sociales) _9342 |
| 650 | 0 | 4 |
_aRelaciones internacionales _98042 |
| 942 |
_cLIBRO _a6 _e1 _mW338d _2DEWEY _h327.2 |
||
| 999 |
_c33291 _d33291 |
||